LEADER 02026nam2 22003973i 450 001 VEA0053927 005 20231121125919.0 020 $aIT$b94-2758 100 $a19970213d1993 ||||0itac50 ba 101 | $aita 102 $ait 181 1$6z01$ai $bxxxe 182 1$6z01$an 200 1 $a˜1: œRoma e la moneta$fSilvana Balbi de Caro$gfotografie di Saskia van Stegeren 210 $a[Roma]$cBanca d'Italia$d[1993] 215 $a239 p.$cill.$d32 cm. 461 1$1001VEA0053923$12001 $a˜La œmoneta a Roma e in Italia$fSilvana Balbi de Caro$v1 606 $aMonete romane$xStoria$2FIR$3RMLC129613$9I 676 $a737.4$9NUMISMATICA E SFRAGISTICA. MONETE$v20 700 1$aBalbi De Caro$b, Silvana$3CFIV050134$4070$0169627 702 1$aStegeren$b, Saskia : van$3VEAV030752 801 3$aIT$bIT-01$c19970213 850 $aIT-RM028 $aIT-RM0289 $aIT-RM0418 $aIT-RM0459 $aIT-RM1251 $aIT-RM0460 $aIT-RM1163 $aIT-FR0017 899 $aBiblioteca Universitaria Alessandrina$bRM028 899 $aBiblioteca Statale A. Baldini$bRM0289 899 $aBIBLIOTECA ACCADEMIA NAZ. DEI LINCEI E CORSINIANA$bRM0418 $eN 899 $aARCHIVIO DI STATO DI ROMA$bRM0459 899 $aFONDAZIONE GIUSEPPE EMANUELE E VERA MODIGLIANI$bRM1251 899 $aBiblioteca Dell' Archivio Centrale Dello Stato$bRM0460 899 $aIstituto Centrale Restauro Conservazione Patrimonio Archivistico Librario$bRM1163 $4S 899 $aBiblioteca umanistica Giorgio Aprea$bFR0017 $eN 912 $aVEA0053927 950 2$aBiblioteca umanistica Giorgio Aprea$d 52S.L. 737.4 MRI.Bal.1$e 52FLS0000032445 VMN RS $fC $h20150205$i20150205$d 52MAG 4/123.1$e 52FLS0000225805 VMN RS $fA $h20150205$i20150205 977 $a 01$a 04$a 10$a 12$a 15$a 27$a 36$a 52 996 $aRoma e la moneta$9284675 997 $aUNICAS LEADER 04429nam 22008295 450 001 9910999691003321 005 20260318120230.0 010 $a3-031-80297-7 024 7 $a10.1007/978-3-031-80297-3 035 $a(CKB)38641747000041 035 $a(DE-He213)978-3-031-80297-3 035 $a(MiAaPQ)EBC32060697 035 $a(Au-PeEL)EBL32060697 035 $a(OCoLC)1524420805 035 $a(EXLCZ)9938641747000041 100 $a20250429d2025 u| 0 101 0 $aeng 135 $aur||||||||||| 181 $ctxt$2rdacontent 182 $cc$2rdamedia 183 $acr$2rdacarrier 200 10$aGlobalisation and Human Rights for Democracy and Social Justice /$fedited by Joseph Zajda, Yvonne Vissing 205 $a1st ed. 2025. 210 1$aCham :$cSpringer Nature Switzerland :$cImprint: Springer,$d2025. 215 $a1 online resource (XIX, 178 p. 6 illus., 4 illus. in color.) 225 1 $aGlobalisation, Comparative Education and Policy Research,$x2543-0572 ;$v50 311 08$a3-031-80296-9 327 $a1 Globalisation, and human rights for democracy and social justice -- 2 Three dimensional concerns for social justice and human rights and what to do about them -- 3 Globalisation, politics, populism and fake news -- 4 The continuing cycle and sudden surge in military coups across the Sahel: What it means for human rights and democracy in the region and why it matters -- 5 The social justice youth voting -- 6 Recognizing Children and Youth as Minority Groups -- 7 The trauma of removal as evidence of social justice violation -- 8 Athlete activism and human rights advocacy with educated rationality in sports -- 9 Athlete maltreatment: A systems perspective on human rights and social justice in sport -- 10 Research trends in globalisation, human rights for democracy and social justice. 330 $aThis book analyses major discourses of human rights for democracy and social justice. The chapters contained in the book examine critically major issues confronting human rights for democracy and social justice both locally and globally. The chapters analyze the challenges that different societies are confronted with, as they attempt to implement, protect and defend democracy, cultural diversity and human rights in an ever-changing world, and culturally diverse environment. Topics covered include dimensional concerns for social justice and human rights and what to do about them, human rights for democracy and social justice, and celebrating cultural diversity in sport. The book will help readers to explore their own views and consider more broadly what may be in the best interests of a fair and just society, as envisioned in human rights treaties, human rights education in schools, and cultural diversity. 410 0$aGlobalisation, Comparative Education and Policy Research,$x2543-0572 ;$v50 606 $aInternational education 606 $aComparative education 606 $aEducation and state 606 $aEducational sociology 606 $aSocial justice 606 $aTeaching 606 $aInternational and Comparative Education 606 $aEducational Policy and Politics 606 $aSociology of Education 606 $aSocial Justice 606 $aEducation Policy 606 $aPedagogy 606 $aDrets humans$2thub 606 $aJustícia social$2thub 606 $aPolítica educativa$2thub 608 $aLlibres electrònics$2thub 615 0$aInternational education. 615 0$aComparative education. 615 0$aEducation and state. 615 0$aEducational sociology. 615 0$aSocial justice. 615 0$aTeaching. 615 14$aInternational and Comparative Education. 615 24$aEducational Policy and Politics. 615 24$aSociology of Education. 615 24$aSocial Justice. 615 24$aEducation Policy. 615 24$aPedagogy. 615 7$aDrets humans 615 7$aJustícia social 615 7$aPolítica educativa 676 $a370.116 676 $a370.9 702 $aZajda$b Joseph$4edt$4http://id.loc.gov/vocabulary/relators/edt 702 $aVissing$b Yvonne$4edt$4http://id.loc.gov/vocabulary/relators/edt 801 0$bMiAaPQ 801 1$bMiAaPQ 801 2$bMiAaPQ 906 $aBOOK 912 $a9910999691003321 996 $aGlobalisation and Human Rights for Democracy and Social Justice$94375941 997 $aUNINA